| 000 -LEADER |
| fixed length control field |
00658nam a22001937a 4500 |
| 005 - DATE AND TIME OF LATEST TRANSACTION |
| control field |
20211220124402.0 |
| 008 - FIXED-LENGTH DATA ELEMENTS--GENERAL INFORMATION |
| fixed length control field |
200702s2019 eng||||| |||| 00| 0 enk d |
| 020 ## - INTERNATIONAL STANDARD BOOK NUMBER |
| International Standard Book Number |
9781619615281 |
| 041 ## - LANGUAGE CODE |
| Language code of text/sound track or separate title |
eng |
| 080 ## - UNIVERSAL DECIMAL CLASSIFICATION NUMBER |
| Universal Decimal Classification number |
659.4 H-57 |
| 100 ## - MAIN ENTRY--PERSONAL NAME |
| Personal name |
Herold, Cameron |
| 9 (RLIN) |
8993 |
| 245 ## - TITLE STATEMENT |
| Title |
Free PR : |
| Remainder of title |
How to Get Chased by the Press Without Hiring a PR Firm / |
| Statement of responsibility, etc. |
Cameron Herold (Author), Adrian Salamunovic (Author). |
| 264 ## - PRODUCTION, PUBLICATION, DISTRIBUTION, MANUFACTURE, AND COPYRIGHT NOTICE |
| Date of production, publication, distribution, manufacture, or copyright notice |
2019. |
| 300 ## - PHYSICAL DESCRIPTION |
| Extent |
284 p. |
| Other physical details |
20 cm. |
| 653 ## - INDEX TERM--UNCONTROLLED |
| keyword |
პიარი |
| 653 ## - INDEX TERM--UNCONTROLLED |
| keyword |
საზოგადოებასთან ურთიერთობა |
| 700 ## - ADDED ENTRY--PERSONAL NAME |
| Personal name |
Salamunovic, Adrian |
| Relator term |
ავტორი |
| 9 (RLIN) |
8994 |
| 942 ## - ADDED ENTRY ELEMENTS (KOHA) |
| Source of classification or shelving scheme |
|
| Koha item type |
წიგნი |